000 01302nam a22002895i 4500
001 53238
003 ES-MaACL
005 20230906162730.0
007 t|
008 950911s1844 sp ||||1| spa d
080 _a94(495)
080 _a94(450)
100 1 _aDuponchel, Augustin-Amédée.
_9149956
245 1 0 _aHistorias de Grecia e Italia desde los tiempos más remotos hasta 1840 /
_cpor A.A. Duponchel ; adornadas con 33 láminas grabadas en acero que representan trages [sic], armas, muebles y monumentos... y embellecidas con un escelente [sic] atlas geográfico-histórico, compuesto de nueve mapas iluminados... dirigido por A. Houzé ; traducidas por Juan Cortada.
260 _aBarcelona :
_b[s.n.],
_c1844 (
_fImp. de A. Brusí)
300 _a2 v. :
_blám. ;
_c22 cm.
490 1 _aEl mundo: historia de todos los pueblos ;
_v12-13
530 _aDisponible en formato digital.
651 4 _aGrecia-
_xHistoria.
_98777
651 4 _aItalia-
_xHistoria.
_98866
700 1 _aHouzé, A.
_964368
700 1 _aCortada, Juan (
_d1805-1868)
_9149955
830 1 _aEl mundo: historia de todos los pueblos ;
_v12-13
_9182426
852 4 _aES-MaACL
_jD-4094-95
856 4 _uhttp://bdh-rd.bne.es/viewer.vm?id=0000005060&page=1
_zBiblioteca Digital Hispánica
999 _c53238
_d53238